00350nam a2200109 a 450000500170000000800410001705000200005824500660007826000490014444000190019365000280021220140513081056.0070905s19uu xx 00 eng d aDVDbLe438 2005 aLearn about Numbers:bearly learning skills for boys & girls. aPhilippines :bFirefly Entertainment,c2005. aBrilliant baby aCounting- numbers 1-20.